Gaming Quiz

Random Gaming or Video Games Quiz

Video Games by Minor Characters Quiz Stats

 Plays Quiz Updated Jan 14, 2020

Support Sporcle.
Go Orange.
Score 0/200 Timer 20:00
0 Plays Today
Characters Game % Correct
E-102, Tikal, ChaosSonic Adventure
18.5%
Daisy, Bill, LoreleiPokémon Red/Blue/Yellow
18%
Ingrid Hunnigan, Luis Sera, Osmund SaddlerResident Evil 4
17.1%
Sir Kibble, Chef Kawasaki, MarxKirby Superstar
16.7%
Kintaro, Baraka, MileenaMortal Kombat II
15.4%
Grog, Mido, RauruThe Legend of Zelda: Ocarina of Time
14.5%
Bill Grey, Leon Powalski, Katt MonroeStar Fox 64
13.1%
Yevgeny Volgin, Nikolai Sokolov, Ivan RaikovMetal Gear Solid 3: Snake Eater
12.4%
Reznor, Blargg, Torpedo TedSuper Mario World
12.1%
Bridgette Tenenbaum, Jasmine Jolene, Frank FontaineBioShock
12.1%
Jim Houseman, Naomi Hunter, Kenneth BakerMetal Gear Solid
10.9%
Colin, Ilia, ChudleyThe Legend of Zelda: Twilight Princess
10.4%
Anthony Green, Joseph Price, Troy BradshawSaint's Row
10.1%
Cassandra De Vries, Trent Easton, Dr. CarrollPerfect Dark
9.9%
Isaaru, Shelinda, LuzzuFinal Fantasy X
9.4%
Aginah, Blind, SahasrahlaThe Legend of Zelda: A Link to the Past
9.2%
Setsuka, Tira, MaxiSoul Calibur 3
9.1%
Ganryu, Wang Jinrei, Bruce IrvinTekken 2
8.6%
Antonio Guster, Dr. Stewart, Jody SummerF-Zero X
8.5%
Jonathan, Drebin, SunnyMetal Gear Solid 4: Guns of the Patriots
8.1%
Donald Love, Phil Cassidy, Asuka KasenGrand Theft Auto III
8%
Victor Hoffman, Damon Baird, Anya StroudGears of War
7.8%
Robert Hammond, Dee Vasquez, Marvin GrossbergPhoenix Wright: Ace Attorney
7.7%
Bovina, Jamjars, Canary MaryBanjo-Tooie
7.7%
Punchinello, Boshi, Jonathan JonesSuper Mario RPG: Legend of the Seven Stars
7.6%
Gabriel Roman, Eddy Raja, Atoq NavarroUncharted: Drake's Fortune
7.6%
Ukkiki, Klepto, DorrieSuper Mario 64
7.4%
Richard Ames, George Sears, Scott DolphMetal Gear Solid 2: Sons of Liberty
7.3%
Judith Mossman, Odessa Cubbage, Isaac KleinerHalf-Life 2
7.2%
Roy Phillips, Billy Creel, Paulie CantelliFallout 3
7.2%
Otis, Carla, MeathookThe Secret of Monkey Island
7.1%
Gracie, Redd, BlancaAnimal Crossing
6.8%
Gadon Thek, Vrook Lamar, Jolee BindoStar Wars: Knights of the Old Republic
6.7%
Avery Carrington, Steve Scott, Mitch BakerGrand Theft Auto: Vice City
6.7%
Richard Aiken, Joseph Frost, Brad VickersResident Evil
6.6%
Edgar Vautrine, Armand Christophe, Guilbert JemaneThe Elder Scrolls IV: Oblivion
6.5%
Fiona, Dalton, KinoChrono Trigger
6.5%
Rodrigo Juan Raval, Alfred Ashford, Alexia AshfordResident Evil: Code: Veronica
6.3%
Wesley Stickler, Guy Eldoon, Vera MishamApollo Justice: Ace Attorney
6.1%
Sonja, Olaf, HachiAdvance Wars
6%
Rachel, Vargas, MaduinFinal Fantasy VI
5.8%
Boo Diddly, Ptooie, JelectroSuper Mario Bros 3
5.7%
Priscilla, Dio, SheraFinal Fantasy VII
5.5%
Lisa Garland, Dahlia Gillespie, Michael KaufmannSilent Hill
5.5%
Phil Bell, Alex Chilton, Bernie CraneGrand Theft Auto IV
5.2%
Sean, Urien, RemyStreet Fighter III
5%
Kurt, Janine, KarenPokémon Gold/Silver/Crystal
4.9%
Jackknife, Ropeburn, Robert PopeMirror's Edge
4.8%
Bubbler, Taj, KrunchDiddy Kong Racing
4.8%
Jeffrey Cross, Mike Toreno, Eddie PulaskiGrand Theft Auto: San Andreas
4.8%
Morrid, Hippaul, BakuFinal Fantasy IX
4.7%
Sigrun, Astrid, PetrineFire Emblem: Path of Radiance
4.7%
Lenzo, Orca, IlariThe Legend of Zelda: The Wind Waker
4.6%
Tohru Adachi, Shu Nakajima, Naoki KonishiPersona 4
4.5%
Fargus, Brendan, LouiseFire Emblem: Blazing Sword
4.4%
Sidney, Archie, RydelPokémon Ruby/Sapphire/Emerald
4.3%
Mai Sawano, Ichiro Sakurada, Noriko NakamuraShenmue
4.2%
Victor Kudo, Kane Bullard, Valerie HawthornePhoenix Wright: Ace Attorney: Trials and Tribulations
4.2%
Chanterelle, Kolorado, HerringwayPaper Mario
4.1%
Dirk, Rodyle, BottaTales of Symphonia
3.9%
Leon, Sally, AliceKingdom Hearts
3.9%
Russel Berry, Adrian Andrews, Benjamin WoodmanPhoenix Wright: Ace Attorney: Justice for All
3.8%
Joe, Retsu, GekiStreet Fighter
3.7%
Robert Kendo, Brian Irons, Marvin BrannaghResident Evil 2
3.7%
Mono, Dormin, EmonShadow of the Colossus
3.6%
Rapp Scallion, Kate Capsize, Augustus DeWattMonkey Island 2: LeChuck's Revenge
3.6%
Pamela, Evan, SakonThe Legend of Zelda: Majora's Mask
3.5%
Characters Game % Correct
Polari, Guppy, TarantoxSuper Mario Galaxy
3.4%
Karin, Juli, CharlieStreet Fighter Alpha 3
3.4%
Leonard Wolf, Douglas Cartland, Father VincentSilent Hill 3
3.4%
Watts, Martine, NidaFinal Fantasy VIII
3.3%
Griswold Goodsoup, Charles DeGoulash, Haggis McMuttonThe Curse of Monkey Island
3.2%
Goro Majima, Saya Date, Masaru SeraYakuza
3%
Justin Greene, Killian Darkwater, AradeshFallout
3%
Anna, Giott, BaiganFinal Fantasy IV
2.9%
Rubee, Wozza, EyrieBanjo-Kazooie
2.9%
Mordecai Jones, Amy Chen, Kitten CelesteTimesplitters: Future Perfect
2.9%
Edward Dewey, James Marcus, Enrico MariniResident Evil 0
2.8%
Tamir, Lucy, SibrandAssassin's Creed
2.8%
Jaime Reyes, Stanton Dowd, Joseph ManderleyDeus Ex
2.8%
Jote, Tomaj, RikkenFinal Fantasy XII
2.6%
Olivia, Lupe, GlottisGrim Fandango
2.5%
Brom, Nostro, Briar RoseFable
2.5%
Briggs, Karst, SusaGolden Sun: The Lost Age
2.5%
Ernest Baldwin, Angela Orosco, Eddie DombrowskiSilent Hill 2
2.5%
Venus, Electra, Captain StrongEarthbound
2.5%
Waka, Kaguya, LikaOkami
2.4%
Kaira Stirling, Ian Newstead, Chloe MichelMass Effect
2.4%
Jeff, Magnus, FloydJet Force Gemini
2.4%
Axl, Roxy, AbigailFinal Fight
2.4%
Mira, Lucian, JohannaPokémon Diamond/Pearl/Platinum
2.3%
Una, Radius, DarioChrono Cross
2.3%
Pohl, Culgan, Gustav PendragonSuikoden II
2.2%
Bishop Shidux, Holly Summers, Randall LovikovNo More Heroes
2.2%
Jema, Krissie, PhannaSecret of Mana
2.1%
Zok, Ghido, MidFinal Fantasy V
2%
Tyrell Patrick, Dario Rosso, Mikhail VictorResident Evil 3: Nemesis
2%
Orran Durai, Gustav Margriff, Argath ThadalfusFinal Fantasy Tactics
1.9%
Darla Gratch, Edwina, Big AlRatchet & Clank
1.9%
Ulrira, Manbo, Schule DonavitchThe Legend of Zelda: Link's Awakening
1.9%
Aramis, Vyers, KurtisDisgaea: Hour of Darkness
1.9%
Zero, Maxima, LinThe King of Fighters 2000
1.8%
Jin Shirato, Mamoru Hayase, Nozomi SuemitsuPersona 3
1.7%
Robert Garcia, Lucky Glauber, Chang KoehanThe King of Fighters '94
1.7%
Joseph Schreiber, Eileen Galvin, Andrew DeSalvoSilent Hill 4: The Room
1.7%
Edwin Lindsey, Michael Edwards, Peter JacobEternal Darkness: Sanity's Requiem
1.6%
Terrence Kyne, Jacob Temple, Zach HammondDead Space
1.6%
Kazuki Kazama, Basara Kubikiri, Shizumaru HisameSamurai Shodown IV: Amakusa's Revenge
1.6%
Fuyao, Gujin, KangJade Empire
1.6%
Anomen Delryn, Mazzy Fentan, Viconia De VirBaldur's Gate II: Shadows of Amn
1.6%
Danso Indules, Velanda Omani, Hlaren RamoranThe Elder Scrolls III: Morrowind
1.5%
Larson Conway, Jacqueline Natla, Pierre DupontTomb Raider
1.5%
Tison, Yeager, GaucheTales of Vesperia
1.5%
Darius Zing, Belle Rennock, Cornelius GrimFable II
1.4%
Chips Dubbo, Hocus, Pete StackerHalo 3
1.4%
Ameena Leffeld, Clair Lasbard, Flad GarrandStar Ocean: Till the End of Time
1.4%
Mayfee, Bein, LarikushBaten Kaitos: Eternal Wings and the Lost Ocean
1.3%
Vanessa Lewis, Brad Burns, Jean KujoVirtua Fighter 5
1.2%
Ricardo Casaba, Marco de Pollo, Señor CastanedaEscape From Monkey Island
1.2%
Marjorie Reed, Ardin Buckner, Rebecca DyerFallout 2
1.2%
Deionarra, Ebb Creakknees, LotharPlanescape: Torment
1.2%
Itaru Yokoyamada, Eiji Oji, Rayca HoshiThe World Ends With You
1.2%
Tyrin, Janet, OddlerShining Force II
1.1%
Franke Athens, Bonita Soleil, Nils LutefiskPsychonauts
1.1%
Edward Benton, Jonathan Phagan, Anton GirdeuxSyphon Filter
1.1%
Sana, Lulu, ZeponSuikoden III
1%
Edward Kirk, Rick, GailDino Crisis
1%
Azimuth, Elzevir, NupraptorBlood Omen: Legacy of Kain
1%
Julia Kisugi, Christopher Mills, Andrei UlmeydaKiller7
1%
Neifirst, Tyler, UstvestiaPhantasy Star II
1%
Parn, Rufio, CorinneDark Chronicle
1%
Anna Yoshizaka, Ginji Sasaki, Akari HoshiPersona 2
1%
Tao, Mort, SargeChibi-Robo!
1%
Bahram Luger, Craig Laden, DolphSuikoden V
1%
Characters Game % Correct
Richard Meyer, Michael Max, Hwai JaiFatal Fury
1%
Elijah Modnar, Harry Benson, Isabella VelvetSnatcher
0.9%
Jayle, Badrach, LlewelynValkyrie Profile
0.9%
Zephon, Dumah, RahabLegacy of Kain: Soul Reaver
0.9%
Hsu, Faran, LaurelGolden Sun
0.9%
Cacao, Renee, JibubuDark Cloud
0.9%
Alef, Pelle, DianeShining Force
0.9%
Radi Jaeger, Herbert Nielsen, Emile BielertValkyria Chronicles
0.8%
Taben, Laike, RoyceLunar: Lunar Silver Star Story
0.8%
Charles Habegger, Aldus Bishop, Jin Sun-KwonF.E.A.R.
0.8%
Emitai, Shadis, PaletBreath of Fire III
0.8%
Belselk, McDullen, MarielWild Arms
0.8%
Sean Fitzgerald, Jacques Marquet, Clarissa PiermontBroken Sword: Shadow of the Templars
0.8%
Doug, Gray, DukeHarvest Moon: Friends of Mineral Town
0.8%
Helena Chang, Dagdam Yiru, Sam GilmoreDreamfall: The Longest Journey
0.8%
Tolone, Yui, PrimeraXenogears
0.8%
Billy Pilder, Kate Lindberg, Marina IringtonWild Arms 2
0.8%
Rosa Fox, Melissa Wooodward, Helen ParkerHotel Dusk: Room 215
0.8%
Douglas Baker, Hans Klamp, Ben DollisParasite Eve
0.8%
Hank Redwood, Alan Sharp, Dr. ZweibergHeadhunter
0.8%
Ricky Pucino, Juri Karamazov, Constantinos BrakusBully
0.7%
Futomimi, Isamu Nitta, Jyoji HijiriShin Megami Tensei III: Nocturne
0.7%
Rem, Gantz, PakonGrandia
0.7%
Kanaan, Joshua Levenheit, ZorakSuikoden
0.7%
Tahb, Rasso, MarlokBreath of Fire IV
0.7%
Colton, Brandeau, Glen CottSuikoden IV
0.7%
Gatta, Paella, AiraGrandia II
0.7%
Melody Vilente, Dario Nicolodi, Janus CascadeWild Arms 3
0.7%
Nestor, Darel, HorraceFull Throttle
0.7%
Grissom, Tieger, Joshua BardorbaVagrant Story
0.7%
Conchita Garcia, Raoul Grasiento, Carlton HawksBroken Sword II: The Smoking Mirror
0.7%
Chunk, Copper, RomeroVampire: The Masquerade - Bloodlines
0.7%
Mauri, Gwyn, BalseLunar: Eternal Blue
0.7%
Nial, Lune, MiunPhantasy Star III
0.6%
Don, Clara, LawrenceSkies of Arcadia
0.6%
Issam, Woof, MeiBeyond Good & Evil
0.6%
Jake Hudson, Keith Birdy, Cecile CarlyleWinback
0.6%
Thadeous Oakley, Igor Biragov, Axton CowellCrackdown
0.6%
Inspector Drept, Leafer, Julian RutherfordThief: Deadly Shadows
0.6%
Zongquan Bai, Eileen Edelweiss, Jianmin TaoShenmue II
0.6%
Kornell, Rotts, BiancaGrandia III
0.6%
Rosemary, Kain, CibouletteSteambot Chronicles
0.6%
Kate Morisson, Tiffany Harper, Samantha MaloneFahrenheit
0.6%
Venik Kilgor, Cid Capezza, Manny JabrielleThief II: The Metal Age
0.6%
Bill Brenton, Jack Hall, Lindsay HarrisDead Rising
0.6%
Miri Rhyza, Gale Dorban, Donald PocacchioRogue Galaxy
0.6%
Rudolf Kaiser, Linny Barilar, Miho ShinjoFront Mission 3
0.5%
Camus, Emmett, SharronRune Factory: A Fantasy Harvest Moon
0.5%
Cephas, Bonaire, RonanAlundra
0.5%
Westa, Ketil, GamgeeStar Ocean: The Second Story
0.5%
Bruno Lawrie, Inge Wagner, Tom GoodmanThe Operative: No One Lives Forever
0.5%
Mina, Eichichi, PattyBreath of Fire II
0.5%
Honesty, Rollie, SynthesisShining Force III
0.5%
Pana, Seth, DorinPhantasy Star IV
0.5%
Daena, Bud, SierraLegend of Mana
0.5%
Barin, Twig, LukashS.T.A.L.K.E.R.: Shadow of Chernobyl
0.5%
Wacho, Celsica, OlganBaten Kaitos Origins
0.4%
Rasheeka, Walther, MillidiaValkyrie Profile 2: Silmeria
0.4%
Gustave Passeri, Momo, Dan FosterSyberia
0.4%
Artemus, Cutty, RamirezThief: The Dark Project
0.4%
Volkovo, Llloyd, TaperZone of the Enders: The 2nd Runner
0.4%
Elena Weinberg, Nightraid, Rock ThunderheartZone of the Enders
0.4%
Lenya, Farron, YerosKameo: Elements of Power
0.3%
Lucinda Carlyle, Tobias Grensret, Gerold RosenbergThe Longest Journey
0.3%
Castanea, Zuido, JorgenThe Last Remnant
0.3%
Radgam, Baicah, AbnerPanzer Dragoon Saga
0.3%

From the Vault

NFL 'C' Teams

by sproutcm

Sports 30s
Just make sure you can 'C' the blitz coming.
Remove Ads.
Support Sporcle.
Get the best of Sporcle when you Go Orange. This ad-free experience offers more features, more stats, and more fun while also helping to support Sporcle. Thank you for becoming a member.

Show Comments

Extras

Top Quizzes Today


Score Distribution

Your Account Isn't Verified!

In order to create a playlist on Sporcle, you need to verify the email address you used during registration. Go to your Sporcle Settings to finish the process.

Report this User

Report this user for behavior that violates our Community Guidelines.

Details: